• 首页
  • 本馆介绍
  • 公告通知
  • 最新文献
  • 馆藏检索
  • 电子资源
  • 读者导购
  • 参考咨询
  • 我的图书馆
  • 登录
  • 详细信息显示
  • 放入我的书架
  • 预约/预借图书
  • 作者相关作品
  • 分类相关作品
  • 丛书相关作品
  • 出版社相关作品

书目信息

  • 表格格式
  • 工作单格式
  • 卡片格式
题名:
大国海权心衰启示录
    
 
作者: 廖幸谬 , 杨耀源 著
分册:  
出版信息: 北京   人民出版社  2014
页数: 259页
开本: 23cm
丛书名:
单 册:
中图分类: E815
科图分类:
主题词: 制海权--Zhi Hai Quan--研究--世界 , 海洋战略--Hai Yang Zhan Lue--研究--世界
电子资源:
ISBN: 978-7-01-014017-9
000 01260nam0 22002531 450
001 350814
005 20161011153018.68
010    @a978-7-01-014017-9@dCNY36.00
100    @a20150127d2014 em y0chiy50 ea
101 0  @achi
102    @aCN@b110000
105    @ab z 000yy
106    @ar
200 1  @a大国海权心衰启示录@ADa Guo Hai Quan Xin Shuai Qi Shi Lu@f廖幸谬,杨耀源著
210    @a北京@c人民出版社@d2014
215    @a259页@c地图@d23cm
330    @a本书对世界近代以来英国、西班牙、荷兰、法国、美国、日本、德国、俄国、印度的海洋战略进行描述,既有宏大的历史总结,也有深入细致的案例分析,目的有:其一,通过对法国、德国、俄国、荷兰、西班牙、日本等国向海洋转型的过程的总结,探讨其取得的阶段性成果及其最终失败的原因,发现其共性与个性;其二,分析英、美两个海洋大国在其崛起以及与大陆强国争夺霸权的过程中,彼此看待海权的眼光以及建设步骤、幅度的差异,通过对比总结个中原因。总之,本书试图通过对这些国家海洋战略历史的深入探讨,为我国当前制定恰当的海洋战略、建设海洋强国提供些许借鉴。
606 0  @a制海权@AZhi Hai Quan@x研究@y世界
606 0  @a海洋战略@AHai Yang Zhan Lue@x研究@y世界
690    @aE815@v5
701  0 @a廖幸谬@ALiao Xing Miu@4著
701  0 @a杨耀源@AYang Yao Yuan@4著
801  0 @aCN@bTANGWEI@c20160808
905    @b0891915-9@dE815@e36@f5
    
    大国海权心衰启示录/廖幸谬,杨耀源著 .-北京:人民出版社,2014
    259页:地图;23cm
    
    
    ISBN 978-7-01-014017-9:CNY36.00
    本书对世界近代以来英国、西班牙、荷兰、法国、美国、日本、德国、俄国、印度的海洋战略进行描述,既有宏大的历史总结,也有深入细致的案例分析,目的有:其一,通过对法国、德国、俄国、荷兰、西班牙、日本等国向海洋转型的过程的总结,探讨其取得的阶段性成果及其最终失败的原因,发现其共性与个性;其二,分析英、美两个海洋大国在其崛起以及与大陆强国争夺霸权的过程中,彼此看待海权的眼光以及建设步骤、幅度的差异,通过对比总结个中原因。总之,本书试图通过对这些国家海洋战略历史的深入探讨,为我国当前制定恰当的海洋战略、建设海洋强国提供些许借鉴。
●
相关链接 在E读中查询图书 在五车中查询图书 在当当中查询图书 在豆瓣中查询图书


正题名:大国海权心衰启示录     索取号:E815/36         预约/预借

序号 登录号 条形码 馆藏地/架位号 状态 备注
1 0891915   208919152   第一样本阅览室/ [索取号:E815/36] 在馆    
2 0891916   208919161   第一借阅区/ [索取号:E815/36] 在馆    
3 0891917   208919170   第一借阅区/ [索取号:E815/36] 在馆    
4 0891918   208919189   第一借阅区/ [索取号:E815/36] 在馆    
5 0891919   208919198   第一借阅区/ [索取号:E815/36] 在馆    
欢迎您!
大连网信软件有限公司© 版权所有